00735nam a2200205Ia 450000500170000000800410001702000180005804100120007608200180008810000230010624500850012925000120021426000370022630000200026365000170028365000190030094200070031999900170032695201860034320260429112132.0260429s9999||||xx |||||||||||||| ||und|| a9781041020936 aEnglish a658.0072bROD aRodriguez, Eduardo 0aRisk analytics : bdata-driven decisions under uncertainty / cEduardo Rodriguez a1st ed. aBoca Raton : bCRC Press,c2025. axi, 469 p.; pbk a Uncertainty aRisk analytics cTB c52526d52526 001040708NFICaCUTNbCUTNc600d2026-04-29eTBH Library Book Suppliers, Chennai - Invoice No. SINV00732 on 09-02-2026l0o658.0072 RODp57625r2026-04-29 11:21:32w2026-04-29yTB